[Event "21st SLO-ch"]
[Site "Ljubljana SLO"]
[Date "2011.08.06"]
[Round "1"]
[White "Beliavsky, Alexander"]
[Black "Borisek, Jure"]
[Result "1/2-1/2"]
[WhiteElo "2613"]
[BlackElo "2543"]
[PlyCount "93"]
[EventDate "2011.08.06"]

1. e4 c5 2. c3 d5 3. exd5 Qxd5 4. d4 Nf6 5. Nf3 e6 6. Bd3 cxd4 7. cxd4 Bb4+ 8. Nc3 Bd7 9. O-O Bxc3 10. bxc3 Bb5 11. Ba3 Nc6 12. Rb1 Bxd3 13. Qxd3 O-O-O 14. Rb5 Qe4 15. Qc4 Nd5 16. Ne5 Nf4 17. f3 Qe2 18. Qxe2 Nxe2+ 19. Kf2 Nxe5 20. dxe5 Nf4 21. Bd6 b6 22. c4 f6 23. Rd1 Kb7 24. Rbb1 Ng6 25. exf6 gxf6 26. c5 Rc8 27. a4 Ka6 28. cxb6 axb6 29. Bg3 Rc6 30. Rd7 e5 31. h4 h5 32. Kg1 Rhc8 33. Kh2 R8c7 34. Rd8 Rc8 35. Rd3 Rc2 36. Rdb3 R8c6 37. a5 bxa5 38. Rb8 Ka7 39. R1b7+ Ka6 40. Rb1 Ka7 41. R8b5 Ka6 42. Be1 Ra2 43. Rb8 Ka7 44. Kg1 Rcc2 45. R8b7+ Ka8 46. R7b6 Ka7 47. Rb7+ 1/2-1/2

[Event "21st SLO-ch"]
[Site "Ljubljana SLO"]
[Date "2011.08.06"]
[Round "1"]
[White "Lenic, Luka"]
[Black "Kokol, Peter"]
[Result "1-0"]
[WhiteElo "2634"]
[BlackElo "2282"]
[PlyCount "75"]
[EventDate "2011.08.06"]

1. c4 e5 2. Nc3 Bb4 3. Nd5 Be7 4. b3 Nf6 5. Nxe7 Qxe7 6. Bb2 O-O 7. e3 Nc6 8. d3 d6 9. Nf3 h6 10. a3 a5 11. Be2 Bf5 12. O-O Nd7 13. Bc3 Nc5 14. d4 Ne4 15. Bb2 Bg6 16. d5 Nb8 17. Ne1 Nd7 18. f3 Nec5 19. b4 Na6 20. Qb3 Kh8 21. Nd3 Bh5 22. Rac1 f6 23. Nf2 Bf7 24. Ne4 f5 25. Ng3 Bg6 26. f4 Rae8 27. Kh1 Qh4 28. Qc3 Nf6 29. Kg1 Ng4 30. Bxg4 Qxg4 31. Rf3 Bh7 32. Rcf1 axb4 33. axb4 Nb8 34. h3 Qh4 35. fxe5 dxe5 36. Nxf5 Qg5 37. e4 Nd7 38. Qe1 1-0

[Event "21st SLO-ch"]
[Site "Ljubljana SLO"]
[Date "2011.08.06"]
[Round "1"]
[White "Mazi, Leon"]
[Black "Zorko, Jure"]
[Result "1/2-1/2"]
[WhiteElo "2332"]
[BlackElo "2434"]
[PlyCount "59"]
[EventDate "2011.08.06"]

1. Nf3 Nf6 2. g3 d5 3. c4 dxc4 4. Qa4+ c6 5. Qxc4 b5 6. Qc2 Bb7 7. Bg2 Nbd7 8. O-O e6 9. Nc3 a6 10. b3 c5 11. Bb2 Be7 12. Nd1 Qb6 13. Ne3 O-O 14. Rac1 h6 15. Qb1 Rfd8 16. Qa1 Rac8 17. d4 cxd4 18. Bxd4 Qa5 19. Bc3 Qb6 20. Bd4 Qa5 21. Bc3 Bb4 22. Bxb4 Qxb4 23. Rxc8 Rxc8 24. Rc1 Rxc1+ 25. Qxc1 Qd6 26. Qd2 Qc5 27. Qc2 Kf8 28. Ne5 Qxc2 29. Nxc2 Bxg2 30. Nxd7+ 1/2-1/2

[Event "21st SLO-ch"]
[Site "Ljubljana SLO"]
[Date "2011.08.06"]
[Round "1"]
[White "Skoberne, Jure"]
[Black "Srebrnic, Marko"]
[Result "1-0"]
[WhiteElo "2563"]
[BlackElo "2332"]
[PlyCount "98"]
[EventDate "2011.08.06"]

1. c4 Nf6 2. g3 g6 3. Bg2 Bg7 4. d4 O-O 5. Nf3 d6 6. O-O c6 7. Nc3 Qa5 8. e4 e5 9. h3 Nbd7 10. Re1 exd4 11. Nxd4 Ne5 12. Bf1 Re8 13. Kg2 a6 14. a4 c5 15. Nc2 Be6 16. Ne3 Nc6 17. Bd2 Nd4 18. f3 Qd8 19. a5 h5 20. Kh2 h4 21. g4 Bh6 22. Kg2 Nd7 23. Ne2 Ne5 24. Nxd4 cxd4 25. Nc2 Bxd2 26. Qxd2 Bxc4 27. Bxc4 Nxc4 28. Qxd4 Rc8 29. b4 Ne5 30. Re2 Qf6 31. Ra3 Qf4 32. Qf2 g5 33. Ne3 Nc4 34. Nd5 Qe5 35. Rc3 Rc6 36. f4 gxf4 37. Rf3 Ne3+ 38. Nxe3 Qxe4 39. Qxh4 fxe3 40. Rexe3 Rc2+ 41. Kg3 Qxe3 42. Rxe3 Rxe3+ 43. Kf4 Re6 44. Qg5+ Kf8 45. Qd5 Rc7 46. h4 Rd7 47. h5 Re5 48. Qd3 f6 49. h6 d5 1-0

[Event "21st SLO-ch"]
[Site "Ljubljana SLO"]
[Date "2011.08.06"]
[Round "1"]
[White "Tratar, Marko"]
[Black "Sebenik, Matej"]
[Result "1/2-1/2"]
[WhiteElo "2491"]
[BlackElo "2525"]
[PlyCount "41"]
[EventDate "2011.08.06"]

1. d4 Nf6 2. c4 e6 3. Nc3 Bb4 4. Qc2 d5 5. cxd5 Qxd5 6. Nf3 Qf5 7. Qxf5 exf5 8. a3 Be7 9. Bf4 c6 10. e3 Nbd7 11. Bd3 Nb6 12. O-O Be6 13. Bg3 O-O 14. Rfc1 g6 15. Be2 Rfc8 16. Ne5 Ne4 17. Nxe4 fxe4 18. Nc4 Bxc4 19. Bxc4 Nxc4 20. Rxc4 Rd8 21. Rac1 1/2-1/2

[Event "21st SLO-ch"]
[Site "Ljubljana SLO"]
[Date "2011.08.07"]
[Round "2"]
[White "Borisek, Jure"]
[Black "Skoberne, Jure"]
[Result "1/2-1/2"]
[WhiteElo "2543"]
[BlackElo "2563"]
[PlyCount "59"]
[EventDate "2011.08.06"]

1. e4 e5 2. Bc4 Nf6 3. d3 Nc6 4. Nf3 Be7 5. O-O O-O 6. Re1 d6 7. c3 Na5 8. Bb5 a6 9. Ba4 b5 10. Bc2 c5 11. Nbd2 Qc7 12. Nf1 Nc6 13. Bg5 Ng4 14. Bxe7 Nxe7 15. d4 Bb7 16. Ng3 Rad8 17. h3 Nf6 18. Rc1 Bc8 19. b4 Ng6 20. Qd2 Rfe8 21. a4 h6 22. Kh2 d5 23. Nxe5 Nxe5 24. dxe5 dxe4 25. Qf4 Qxe5 26. Qxe5 Rxe5 27. axb5 cxb4 28. bxa6 Bxa6 29. cxb4 Rd4 30. f3 1/2-1/2

[Event "21st SLO-ch"]
[Site "Ljubljana SLO"]
[Date "2011.08.07"]
[Round "2"]
[White "Kokol, Peter"]
[Black "Sebenik, Matej"]
[Result "0-1"]
[WhiteElo "2282"]
[BlackElo "2525"]
[PlyCount "60"]
[EventDate "2011.08.06"]

1. e4 e6 2. d4 d5 3. Nc3 Bb4 4. e5 c5 5. Bd2 Ne7 6. Nb5 Bxd2+ 7. Qxd2 O-O 8. f4 Bd7 9. Nd6 cxd4 10. Nf3 Nbc6 11. b4 Qc7 12. b5 Nxe5 13. fxe5 f6 14. Qb4 fxe5 15. Nxe5 Nf5 16. Nxd7 Ne3 17. Bd3 Qxd7 18. Rg1 e5 19. b6 a6 20. Kd2 Rf2+ 21. Be2 Raf8 22. Rae1 R8f6 23. Nxb7 Qxb7 24. Rb1 Rc6 25. c3 Rxb6 26. Qxb6 Nc4+ 27. Ke1 Rxe2+ 28. Kxe2 d3+ 29. Kxd3 Nxb6 30. Rb4 Qc6 0-1

[Event "21st SLO-ch"]
[Site "Ljubljana SLO"]
[Date "2011.08.07"]
[Round "2"]
[White "Lenic, Luka"]
[Black "Mazi, Leon"]
[Result "1-0"]
[WhiteElo "2634"]
[BlackElo "2332"]
[PlyCount "118"]
[EventDate "2011.08.06"]

1. c4 c5 2. Nf3 Nc6 3. d4 cxd4 4. Nxd4 Nf6 5. Nc3 e6 6. a3 Be7 7. Nf3 O-O 8. e4 d6 9. Be2 b6 10. h3 Bb7 11. Bf4 Rc8 12. O-O Rc7 13. Re1 Rd7 14. Bf1 Qa8 15. Nd2 Rfd8 16. Rc1 Ne8 17. Bg3 Bf6 18. Kh1 Ne7 19. b4 Ng6 20. f4 Be7 21. Qe2 Nf6 22. Rcd1 Bf8 23. Qf2 Qc8 24. f5 Ne5 25. Nb5 Nc6 26. fxe6 fxe6 27. Nf3 h6 28. Qa2 a6 29. Nc3 Rf7 30. Bh2 Ba8 31. Rd3 Nh5 32. Qd2 Rfd7 33. Rd1 Nf6 34. Qe3 Qb8 35. R3d2 Ne5 36. Nd4 Re8 37. c5 bxc5 38. bxc5 Qc8 39. Nb3 Rc7 40. Qe2 Rxc5 41. Nxc5 Qxc5 42. Rc2 Qxa3 43. Bg1 Qa5 44. Bd4 Nc6 45. Bxf6 gxf6 46. Rd3 Qe5 47. Rb2 Ne7 48. Rb6 Rc8 49. Rxa6 Bc6 50. Qg4+ Kh8 51. Qg3 Qxg3 52. Rxg3 f5 53. Bc4 fxe4 54. Bxe6 Rb8 55. Ra7 d5 56. Ne2 Be8 57. Nd4 Ng6 58. Rb3 Rd8 59. Rbb7 Rb8 1-0

[Event "21st SLO-ch"]
[Site "Ljubljana SLO"]
[Date "2011.08.07"]
[Round "2"]
[White "Srebrnic, Marko"]
[Black "Tratar, Marko"]
[Result "1-0"]
[WhiteElo "2332"]
[BlackElo "2491"]
[PlyCount "77"]
[EventDate "2011.08.06"]

1. e4 e6 2. d4 d5 3. Nc3 Bb4 4. e5 c5 5. a3 Bxc3+ 6. bxc3 Qa5 7. Bd2 Qa4 8. Nf3 Nc6 9. Qb1 c4 10. g3 Bd7 11. Bg2 O-O-O 12. O-O h6 13. h4 Rf8 14. Qb2 Nge7 15. Rae1 Qa5 16. a4 Kb8 17. Rb1 Qc7 18. Qa1 f6 19. exf6 gxf6 20. Qa3 e5 21. Rfe1 Rf7 22. Qc5 Bg4 23. dxe5 Bxf3 24. e6 Bxg2 25. exf7 Be4 26. Bf4 Ne5 27. Qxc7+ Kxc7 28. f3 N7g6 29. fxe4 Nxf4 30. gxf4 Nf3+ 31. Kf2 Nxe1 32. Rxe1 dxe4 33. Rxe4 Kd7 34. Kf3 h5 35. Rxc4 Rf8 36. Ke4 Rxf7 37. Kf5 Rg7 38. Kxf6 Rg2 39. f5 1-0

[Event "21st SLO-ch"]
[Site "Ljubljana SLO"]
[Date "2011.08.07"]
[Round "2"]
[White "Zorko, Jure"]
[Black "Beliavsky, Alexander"]
[Result "1/2-1/2"]
[WhiteElo "2434"]
[BlackElo "2613"]
[PlyCount "77"]
[EventDate "2011.08.06"]

1. e4 e5 2. Nf3 Nc6 3. Bb5 a6 4. Ba4 Nf6 5. d3 d6 6. c3 Be7 7. O-O O-O 8. Nbd2 Nd7 9. Re1 Nb6 10. Bb3 Kh8 11. d4 exd4 12. Nxd4 Bf6 13. Nf1 a5 14. a4 Nxd4 15. cxd4 Be6 16. Bxe6 fxe6 17. b3 c5 18. Bb2 d5 19. e5 Be7 20. Qg4 Ra6 21. Re3 Nd7 22. Rh3 Qe8 23. Rc1 Rc6 24. Nd2 Qf7 25. Rf3 Qg6 26. Qxg6 hxg6 27. Rxf8+ Bxf8 28. Kf1 Kg8 29. Ke2 Kf7 30. dxc5 Bxc5 31. Rc3 g5 32. h3 Kg6 33. Nf3 Bb6 34. Rxc6 bxc6 35. g4 c5 36. Bc1 Bd8 37. Be3 Be7 38. Bd2 Bd8 39. Be3 1/2-1/2

[Event "21st SLO-ch"]
[Site "Ljubljana SLO"]
[Date "2011.08.08"]
[Round "3"]
[White "Beliavsky, Alexander"]
[Black "Lenic, Luka"]
[Result "1/2-1/2"]
[WhiteElo "2613"]
[BlackElo "2634"]
[PlyCount "33"]
[EventDate "2011.08.06"]

1. d4 d5 2. c4 c6 3. Nf3 Nf6 4. Nc3 e6 5. Bg5 h6 6. Bxf6 Qxf6 7. e3 g6 8. Bd3 Bg7 9. e4 dxe4 10. Nxe4 Qd8 11. O-O O-O 12. Qd2 f5 13. Nc3 c5 14. dxc5 e5 15. Rad1 e4 16. Be2 Nc6 17. Qxd8 1/2-1/2

[Event "21st SLO-ch"]
[Site "Ljubljana SLO"]
[Date "2011.08.08"]
[Round "3"]
[White "Sebenik, Matej"]
[Black "Srebrnic, Marko"]
[Result "1-0"]
[WhiteElo "2525"]
[BlackElo "2332"]
[PlyCount "81"]
[EventDate "2011.08.06"]

1. d4 Nf6 2. c4 g6 3. Nc3 Bg7 4. e4 d6 5. Be2 O-O 6. Nf3 e5 7. O-O exd4 8. Nxd4 Re8 9. f3 c6 10. Kh1 Nbd7 11. Be3 Ne5 12. Qd2 a6 13. Rad1 Qc7 14. Nc2 c5 15. b3 Be6 16. a4 Rad8 17. Bg5 Nc6 18. Nd5 Bxd5 19. cxd5 Nb8 20. Na3 Rc8 21. Rc1 Nbd7 22. b4 Ra8 23. a5 b5 24. axb6 Qxb6 25. bxc5 Nxc5 26. Nc4 Qc7 27. Qf4 Nxd5 28. Qxd6 Nb3 29. Qxd5 Nxc1 30. Rxc1 Rac8 31. Rd1 h6 32. Bh4 Re6 33. Bg3 Qe7 34. Nd6 Rc2 35. Bc4 Bf8 36. Qd3 Rb2 37. Bxe6 Qxe6 38. Qd5 Qe7 39. Nc4 Rb5 40. Qa8 Qd7 41. Bd6 1-0

[Event "21st SLO-ch"]
[Site "Ljubljana SLO"]
[Date "2011.08.08"]
[Round "3"]
[White "Skoberne, Jure"]
[Black "Zorko, Jure"]
[Result "0-1"]
[WhiteElo "2563"]
[BlackElo "2434"]
[PlyCount "60"]
[EventDate "2011.08.06"]

1. c4 Nf6 2. Nf3 e6 3. g3 a6 4. Nc3 d5 5. cxd5 exd5 6. Bg2 Be7 7. O-O O-O 8. d4 c6 9. Ne5 Nbd7 10. Nd3 Re8 11. Kh1 h5 12. f3 Nf8 13. Be3 Bd6 14. Bg1 Bf5 15. e4 dxe4 16. fxe4 Bxe4 17. Nxe4 Nxe4 18. Qxh5 g6 19. Qh6 Qa5 20. Rad1 Qxa2 21. Nf4 Qc4 22. d5 c5 23. Rde1 Re5 24. b3 Qb5 25. Bxe4 Rxe4 26. Ne6 Rxe6 27. Rxf7 Kxf7 28. dxe6+ Kg8 29. Be3 Re8 30. Bg5 Rxe6 0-1

[Event "21st SLO-ch"]
[Site "Ljubljana SLO"]
[Date "2011.08.08"]
[Round "3"]
[White "Tratar, Marko"]
[Black "Borisek, Jure"]
[Result "1/2-1/2"]
[WhiteElo "2491"]
[BlackElo "2543"]
[PlyCount "47"]
[EventDate "2011.08.06"]

1. c4 c5 2. g3 g6 3. Bg2 Bg7 4. Nc3 Nc6 5. Nf3 d6 6. O-O Nf6 7. a3 O-O 8. Rb1 a5 9. d3 Bd7 10. Bd2 Ne8 11. Ne1 Nc7 12. Nc2 Rb8 13. b4 axb4 14. axb4 Nxb4 15. Nxb4 cxb4 16. Rxb4 b5 17. cxb5 Nxb5 18. Nxb5 Rxb5 19. Rxb5 Bxb5 20. Qb3 Bd7 21. Rb1 Qc7 22. Rc1 Bg4 23. Bg5 Qa7 24. Be3 1/2-1/2

[Event "21st SLO-ch"]
[Site "Ljubljana SLO"]
[Date "2011.08.09"]
[Round "4"]
[White "Borisek, Jure"]
[Black "Sebenik, Matej"]
[Result "0-1"]
[WhiteElo "2543"]
[BlackElo "2525"]
[PlyCount "107"]
[EventDate "2011.08.06"]

1. e4 e6 2. d4 d5 3. Nd2 Nf6 4. e5 Nfd7 5. c3 c5 6. Bd3 Nc6 7. Ngf3 g6 8. Bc2 a5 9. a3 Qc7 10. h4 b6 11. Nf1 h6 12. Be3 Ba6 13. N1h2 Ne7 14. Nd2 Nf5 15. h5 g5 16. Bxf5 exf5 17. f4 Be7 18. Qb1 Qc6 19. Nhf1 Rg8 20. Ng3 cxd4 21. cxd4 gxf4 22. Bxf4 Qb5 23. Kf2 Rg4 24. Qxf5 Rxf4+ 25. Qxf4 Bg5 26. Qg4 Qxb2 27. Rhd1 Bxd2 28. Kg1 Be3+ 29. Kh1 Bg5 30. Qf3 O-O-O 31. Nf5 Kb8 32. Nd6 Qe2 33. Qh3 Qe3 34. Nxf7 Qxh3+ 35. gxh3 Be2 36. Nxd8 Bxd8 37. Rf1 Bxh5 38. Rg1 Bg5 39. Raf1 Kc7 40. Rxg5 hxg5 41. Rf5 b5 42. Rxg5 Bf3+ 43. Kg1 b4 44. axb4 axb4 45. Kf2 Be4 46. Rg3 Nb8 47. Rg7+ Kb6 48. e6 Nc6 49. e7 Nxe7 50. Rxe7 b3 51. Re8 Kb7 52. Re7+ Ka6 53. Re6+ Ka5 54. Kg1 0-1

[Event "21st SLO-ch"]
[Site "Ljubljana SLO"]
[Date "2011.08.09"]
[Round "4"]
[White "Kokol, Peter"]
[Black "Srebrnic, Marko"]
[Result "0-1"]
[WhiteElo "2282"]
[BlackElo "2332"]
[PlyCount "97"]
[EventDate "2011.08.06"]

1. e4 c5 2. Nf3 d6 3. d4 cxd4 4. Nxd4 Nf6 5. Nc3 Nc6 6. Bg5 Bd7 7. Qd2 Rc8 8. O-O-O Nxd4 9. Qxd4 Qa5 10. Bxf6 gxf6 11. Kb1 Qc5 12. Qd2 e6 13. f4 b5 14. e5 f5 15. exd6 Bg7 16. Nxb5 O-O 17. c4 Rb8 18. h4 a6 19. Nc3 Rb6 20. Rh3 Rfb8 21. b3 Qa3 22. Kc2 Ba4 23. Qc1 Bxb3+ 24. axb3 Qxb3+ 25. Kd2 Rxd6+ 26. Rd3 Rxd3+ 27. Bxd3 Rd8 28. Qc2 Qxc4 29. Ne2 Qd5 30. g3 Qg2 31. Qc7 Bf6 32. Qc4 Qf3 33. Rb1 a5 34. Rb3 Kg7 35. Ra3 Rd5 36. Qa6 Be7 37. Ra1 Bb4+ 38. Kc2 Rc5+ 39. Kb3 Rc6 40. Qb5 Rc5 41. Qa6 Qd5+ 42. Kb2 Bd2 43. Ra3 Be3 44. Rb3 Bd4+ 45. Nxd4 Qf3 46. Kb1 a4 47. Rb2 Rc3 48. Be2 a3 49. Qb6 0-1

[Event "21st SLO-ch"]
[Site "Ljubljana SLO"]
[Date "2011.08.09"]
[Round "4"]
[White "Lenic, Luka"]
[Black "Skoberne, Jure"]
[Result "1-0"]
[WhiteElo "2634"]
[BlackElo "2563"]
[PlyCount "91"]
[EventDate "2011.08.06"]

1. d4 Nf6 2. c4 g6 3. Nc3 Bg7 4. e4 d6 5. f3 O-O 6. Be3 c5 7. dxc5 dxc5 8. Qxd8 Rxd8 9. Bxc5 Nc6 10. Nge2 Nd7 11. Be3 Nde5 12. Nf4 Na5 13. c5 Nec4 14. Bc1 Bd4 15. Rb1 Na3 16. bxa3 Bxc3+ 17. Kf2 e6 18. Be3 Bd7 19. Bd3 Rac8 20. Rhc1 Bf6 21. Be2 Rc7 22. Nd3 Nc6 23. Bf4 e5 24. Be3 Be6 25. Nb4 Nd4 26. Bc4 Be7 27. Nd5 Bxd5 28. Bxd5 Rdd7 29. f4 Bxc5 30. fxe5 Ne6 31. a4 b6 32. g3 Kf8 33. Ke2 Bxe3 34. Kxe3 Ke7 35. h4 Kf8 36. g4 h6 37. Bxe6 fxe6 38. Rxc7 Rxc7 39. Rf1+ Kg7 40. Rf6 Rc3+ 41. Kd4 Ra3 42. Rxe6 Kf7 43. Rc6 Rxa4+ 44. Kd5 Rxa2 45. Rc7+ Ke8 46. Kd6 1-0

[Event "21st SLO-ch"]
[Site "Ljubljana SLO"]
[Date "2011.08.09"]
[Round "4"]
[White "Mazi, Leon"]
[Black "Beliavsky, Alexander"]
[Result "0-1"]
[WhiteElo "2332"]
[BlackElo "2613"]
[PlyCount "154"]
[EventDate "2011.08.06"]

1. e4 e5 2. Nf3 Nc6 3. Bc4 Nf6 4. d3 Be7 5. O-O O-O 6. Re1 d6 7. a4 Be6 8. a5 a6 9. Nbd2 Qd7 10. c3 Rae8 11. Bb3 Bd8 12. Ba4 Qc8 13. Nf1 Nd7 14. Ng3 Nc5 15. Bc2 d5 16. b4 Nd7 17. Rb1 Bf6 18. Bg5 Qd8 19. Bd2 g6 20. Bb3 Ndb8 21. Qc2 Kh8 22. Qa2 d4 23. Bxe6 Rxe6 24. c4 Qd7 25. b5 Nd8 26. h3 Kg7 27. Bc1 h5 28. Re2 Ree8 29. Qb2 Rh8 30. Bd2 Ne6 31. Ree1 Qe7 32. Qc2 Nd7 33. Bb4 Ndc5 34. Ne2 Qd7 35. Nd2 Be7 36. Rf1 Ra8 37. f4 exf4 38. Nxf4 Nxf4 39. Rxf4 Ne6 40. Rff1 Bxb4 41. Rxb4 axb5 42. Nb3 Qe7 43. Rxb5 c6 44. Rb6 Rhd8 45. c5 Rd7 46. Rb4 Qg5 47. Rc4 Qe3+ 48. Kh2 h4 49. Rf3 Qg5 50. Qf2 Rh8 51. Kg1 Qe5 52. Rc1 f6 53. Rf1 Rf7 54. Rc1 Rh5 55. Rc4 Rd7 56. Rc1 Rd8 57. Rc4 Rhh8 58. Rc1 Rd7 59. Rc4 Rh6 60. Rc1 Rh5 61. Rc4 f5 62. exf5 Rxf5 63. Rxf5 Qxf5 64. Qxf5 gxf5 65. Rb4 Kf6 66. Rb6 Rc7 67. a6 bxa6 68. Rxa6 Ke5 69. Ra8 Rb7 70. Na5 Rb1+ 71. Kh2 Kd5 72. Rc8 Nf4 73. Nxc6 Nxd3 74. Ne7+ Ke4 75. Ng6 Nf2 76. Nxh4 d3 77. Nf3 Kf4 0-1

[Event "21st SLO-ch"]
[Site "Ljubljana SLO"]
[Date "2011.08.09"]
[Round "4"]
[White "Zorko, Jure"]
[Black "Tratar, Marko"]
[Result "1/2-1/2"]
[WhiteElo "2434"]
[BlackElo "2491"]
[PlyCount "89"]
[EventDate "2011.08.06"]

1. d4 d6 2. g3 g6 3. Bg2 Bg7 4. c4 f5 5. Nc3 Nf6 6. e3 O-O 7. d5 e5 8. dxe6 c6 9. Nge2 Bxe6 10. b3 d5 11. cxd5 Nxd5 12. Bd2 Na6 13. O-O Qd7 14. Qc1 Rfd8 15. Nd4 Bf7 16. Rd1 Rac8 17. Be1 Nac7 18. Rb1 Nxc3 19. Bxc3 Bd5 20. Ne2 Qe7 21. Bxg7 Qxg7 22. Qc5 b6 23. Bxd5+ Nxd5 24. Qc4 Qf7 25. Nd4 c5 26. Nf3 Nb4 27. Qe2 Qf6 28. a3 Nc6 29. Qc4+ Qf7 30. Qc3 Qe7 31. h4 Rxd1+ 32. Rxd1 Rd8 33. Rxd8+ Nxd8 34. Ne5 Nf7 35. Nd3 Nd6 36. Nf4 Ne4 37. Qc4+ Qf7 38. Qd3 Kg7 39. Qd8 Nf6 40. Qd6 Qd7 41. Ne6+ Kf7 42. Ng5+ Kg7 43. Ne6+ Kf7 44. Ng5+ Kg7 45. Ne6+ 1/2-1/2

[Event "21st SLO-ch"]
[Site "Ljubljana SLO"]
[Date "2011.08.10"]
[Round "5"]
[White "Beliavsky, Alexander"]
[Black "Kokol, Peter"]
[Result "1/2-1/2"]
[WhiteElo "2613"]
[BlackElo "2282"]
[PlyCount "108"]
[EventDate "2011.08.06"]

1. Nf3 Nf6 2. c4 g6 3. b4 Bg7 4. Bb2 O-O 5. e3 c6 6. Be2 d5 7. O-O Nbd7 8. a4 dxc4 9. Bxc4 Nb6 10. Be2 Be6 11. Nd4 Bd5 12. Qc2 e5 13. Nb3 Nbd7 14. d3 e4 15. N1d2 Re8 16. dxe4 Nxe4 17. Bxg7 Kxg7 18. Nxe4 Bxe4 19. Qc3+ Qf6 20. Rfc1 Qxc3 21. Rxc3 Bd5 22. Na5 Rab8 23. f3 f5 24. Kf2 Re7 25. h3 Kf6 26. g4 a6 27. Nc4 Bxc4 28. Bxc4 Nb6 29. Bb3 Rd8 30. Ra2 Red7 31. b5 cxb5 32. axb5 axb5 33. Rc5 Na4 34. Rxb5 Nc3 35. Rb6+ Kg5 36. Rc2 Rd2+ 37. Rxd2 Rxd2+ 38. Kf1 Kh4 39. gxf5 gxf5 40. Rxb7 Kg3 41. Rc7 Rf2+ 42. Ke1 Re2+ 43. Kf1 Rxe3 44. Bc2 Rxf3+ 45. Ke1 h5 46. Bxf5 Rxf5 47. Rxc3+ Kg2 48. h4 Re5+ 49. Kd2 Re4 50. Re3 Rxh4 51. Re2+ Kf3 52. Re3+ Kf4 53. Ra3 Rh2+ 54. Ke1 Rb2 1/2-1/2

[Event "21st SLO-ch"]
[Site "Ljubljana SLO"]
[Date "2011.08.10"]
[Round "5"]
[White "Sebenik, Matej"]
[Black "Zorko, Jure"]
[Result "1/2-1/2"]
[WhiteElo "2525"]
[BlackElo "2434"]
[PlyCount "56"]
[EventDate "2011.08.06"]

1. d4 Nf6 2. c4 e6 3. Nf3 Bb4+ 4. Bd2 a5 5. Nc3 d6 6. Qc2 Nbd7 7. a3 Bxc3 8. Bxc3 d5 9. e3 b6 10. b3 Ba6 11. Bb2 O-O 12. Bd3 c5 13. cxd5 Bxd3 14. Qxd3 exd5 15. a4 Rc8 16. Rc1 cxd4 17. Rxc8 Qxc8 18. Nxd4 Nc5 19. Qe2 Nfe4 20. O-O Qd7 21. Rd1 Re8 22. Qh5 f6 23. h3 Re5 24. Qg4 Qxg4 25. hxg4 Re8 26. f3 Ng5 27. Kf2 Nge6 28. Nxe6 Rxe6 1/2-1/2

[Event "21st SLO-ch"]
[Site "Ljubljana SLO"]
[Date "2011.08.10"]
[Round "5"]
[White "Srebrnic, Marko"]
[Black "Borisek, Jure"]
[Result "1-0"]
[WhiteElo "2332"]
[BlackElo "2543"]
[PlyCount "89"]
[EventDate "2011.08.06"]

1. e4 e5 2. Nc3 Nf6 3. Bc4 Nc6 4. d3 Na5 5. Qf3 c6 6. Qg3 d6 7. Nge2 Nxc4 8. dxc4 Be7 9. O-O O-O 10. b3 Be6 11. Bb2 Nh5 12. Qf3 g6 13. Rad1 f5 14. c5 Qc7 15. cxd6 Bxd6 16. exf5 Rxf5 17. Qe3 Nf6 18. h3 Nd7 19. Nd4 Rf6 20. Nxe6 Rxe6 21. Ne4 Be7 22. Qe2 Nf8 23. Rd3 Rd8 24. Rfd1 Rxd3 25. Qxd3 b5 26. Qe2 Nd7 27. Qg4 Nf8 28. Bc3 h5 29. Qf3 Nd7 30. Qe3 a6 31. a4 c5 32. axb5 axb5 33. Ra1 Qc6 34. Ra7 Nb6 35. Qf3 Nc8 36. Ra5 Qb6 37. Ra8 Qc6 38. Bd2 Kg7 39. Ra5 Nd6 40. Ng5 Qxf3 41. Nxe6+ Kf6 42. gxf3 Kxe6 43. Be3 Kd5 44. c4+ Nxc4 45. bxc4+ 1-0

[Event "21st SLO-ch"]
[Site "Ljubljana SLO"]
[Date "2011.08.10"]
[Round "5"]
[White "Tratar, Marko"]
[Black "Lenic, Luka"]
[Result "0-1"]
[WhiteElo "2491"]
[BlackElo "2634"]
[PlyCount "98"]
[EventDate "2011.08.06"]

1. c4 e6 2. g3 d5 3. Nf3 Nf6 4. Bg2 dxc4 5. Qa4+ Nbd7 6. Qxc4 a6 7. Qb3 Rb8 8. O-O b5 9. Nd4 Nc5 10. Bc6+ Bd7 11. Qf3 Rb6 12. d3 Bxc6 13. Nxc6 Qd5 14. Qxd5 Nxd5 15. Na5 Be7 16. Nd2 Bf6 17. Rb1 Na4 18. Ne4 Be5 19. Nb3 f5 20. Nec5 Nxc5 21. Nxc5 Rc6 22. Nb3 Rc2 23. d4 Bd6 24. Bd2 Kd7 25. Rfc1 Rxc1+ 26. Rxc1 Re8 27. Nc5+ Bxc5 28. Rxc5 Kd6 29. Rc2 e5 30. dxe5+ Rxe5 31. f3 c5 32. Kf2 Re8 33. b3 Kc6 34. Rc1 g6 35. h3 a5 36. e3 b4 37. Ke2 Kb5 38. Kd3 Nb6 39. e4 Rd8+ 40. Kc2 fxe4 41. fxe4 c4 42. bxc4+ Nxc4 43. Bf4 Rc8 44. Re1 Na3+ 45. Kd1 a4 46. Re2 b3 47. axb3 axb3 48. Be5 Nc4 49. Bc3 Rd8+ 0-1

[Event "21st SLO-ch"]
[Site "Ljubljana SLO"]
[Date "2011.08.11"]
[Round "6"]
[White "Kokol, Peter"]
[Black "Borisek, Jure"]
[Result "0-1"]
[WhiteElo "2282"]
[BlackElo "2543"]
[PlyCount "164"]
[EventDate "2011.08.06"]

1. e4 c5 2. Nf3 d6 3. d4 cxd4 4. Nxd4 Nf6 5. Nc3 a6 6. Be3 e6 7. g4 e5 8. Nf5 h5 9. g5 Nxe4 10. Nxg7+ Bxg7 11. Nxe4 d5 12. Ng3 d4 13. Bd2 Nc6 14. Qf3 Bg4 15. Qd3 Qd7 16. h3 Be6 17. Bg2 O-O-O 18. Ne4 Bf8 19. a3 h4 20. Nf6 Qc7 21. O-O Be7 22. Ng4 Bxg4 23. hxg4 h3 24. Be4 Rdg8 25. Qf3 Nd8 26. c3 d3 27. g6 fxg6 28. Qxd3 Kb8 29. Be3 Ne6 30. Qd5 Ng5 31. Bxg5 Bxg5 32. Rad1 Bf4 33. Qe6 Re8 34. Qxg6 Rhg8 35. Qh5 Qc8 36. f3 Re7 37. Rd3 h2+ 38. Kh1 Rd8 39. Qh4 Rxd3 40. Qxe7 Rd7 41. Qb4 Qh8 42. Rb1 Be3 43. Qa4 Qd8 44. Qb3 Qh4 45. Qc2 Rd2 46. Qb3 Rd7 47. Qc2 Bf4 48. Qa4 Qd8 49. Qb3 Be3 50. c4 Bc5 51. Bd5 Qh4 52. Qc2 Rh7 53. b4 Bd4 54. Be4 Rh8 55. c5 Qg3 56. Qg2 Qf4 57. a4 Qe3 58. Qxh2 Rxh2+ 59. Kxh2 Qf2+ 60. Kh3 Be3 61. g5 Bf4 62. Kg4 Qg3+ 63. Kf5 Qxg5+ 64. Ke6 Qg8+ 65. Kf6 Qf8+ 66. Kg6 Qe8+ 67. Kf6 Be3 68. Rh1 Qf8+ 69. Ke6 Bh6 70. b5 axb5 71. axb5 Qxc5 72. Kf5 Qf8+ 73. Ke6 Bg7 74. Rb1 Qf6+ 75. Kd5 Bf8 76. Kc4 Qb6 77. Kd5 Qd6+ 78. Kc4 Qd4+ 79. Kb3 Qb4+ 80. Kc2 Qc4+ 81. Kd2 Bb4+ 82. Ke3 Qd4+ 0-1

[Event "21st SLO-ch"]
[Site "Ljubljana SLO"]
[Date "2011.08.11"]
[Round "6"]
[White "Mazi, Leon"]
[Black "Tratar, Marko"]
[Result "1/2-1/2"]
[WhiteElo "2332"]
[BlackElo "2491"]
[PlyCount "101"]
[EventDate "2011.08.06"]

1. e4 e6 2. d4 d5 3. exd5 exd5 4. Bd3 c5 5. dxc5 Bxc5 6. Nf3 Nf6 7. O-O O-O 8. Nbd2 Nc6 9. c3 Bb6 10. Nb3 Bg4 11. h3 Bh5 12. Re1 Re8 13. Rxe8+ Qxe8 14. Be2 Ne4 15. Nbd4 Nxd4 16. cxd4 f6 17. Be3 Rc8 18. Qb3 Bf7 19. Bd3 Nd6 20. Re1 Qd7 21. Bd2 Nc4 22. Bc3 Bg6 23. Bf1 Na5 24. Qd1 Nc6 25. Nh4 Bf7 26. Bd3 g6 27. Nf3 Re8 28. Bc2 Rxe1+ 29. Qxe1 Be6 30. Qd2 Bf5 31. Bb3 Kg7 32. Nh2 h5 33. Nf1 Bc7 34. Ne3 Be6 35. Nf1 h4 36. Qe3 g5 37. Bd1 Bf4 38. Qe2 Bc7 39. Bc2 Ne7 40. Ba4 Nc6 41. Bc2 Ne7 42. Ne3 Bf7 43. Bb4 Bd6 44. Bxd6 Qxd6 45. Qb5 b6 46. Bb3 Qc7 47. Qb4 Qc1+ 48. Kh2 Qc7+ 49. Kg1 Qc1+ 50. Kh2 Qc7+ 51. Kg1 1/2-1/2

[Event "21st SLO-ch"]
[Site "Ljubljana SLO"]
[Date "2011.08.11"]
[Round "6"]
[White "Zorko, Jure"]
[Black "Srebrnic, Marko"]
[Result "1/2-1/2"]
[WhiteElo "2434"]
[BlackElo "2332"]
[PlyCount "157"]
[EventDate "2011.08.06"]

1. d4 Nf6 2. c4 g6 3. g3 Bg7 4. Bg2 O-O 5. Nc3 d6 6. e3 c6 7. Nge2 Na6 8. O-O Rb8 9. b3 Bd7 10. a4 Qc8 11. Re1 Re8 12. Ba3 Bf8 13. b4 e5 14. b5 Nc7 15. dxe5 dxe5 16. Bxf8 Kxf8 17. Qd6+ Kg7 18. Red1 Bh3 19. Bh1 Re6 20. Qb4 h5 21. bxc6 bxc6 22. Qa5 a6 23. Nc1 Nce8 24. Nd3 Nd6 25. Nc5 Nxc4 26. Nxe6+ Qxe6 27. Qc5 Rb2 28. Ra2 Rxa2 29. Nxa2 Nb2 30. Ra1 e4 31. Nb4 Qb3 32. Qc2 Qxb4 33. Rb1 Qxa4 34. Qxb2 Qc4 35. Rc1 Qd3 36. Bg2 Bxg2 37. Kxg2 Qd5 38. h4 c5 39. Ra1 Qe6 40. Ra5 Qd6 41. Qa1 Qd5 42. Rxa6 Qf5 43. Rc6 Qf3+ 44. Kg1 Qf5 45. Qb2 Qf3 46. Rd6 Qf5 47. Qc3 c4 48. Rc6 Qf3 49. Qd4 Qf5 50. Rc5 Qf3 51. Rxc4 Kh7 52. Rc8 Qf5 53. Rd8 Qf3 54. Qd1 Qf5 55. Qd6 Ng4 56. Qf4 Qxf4 57. exf4 f5 58. Rd7+ Kg8 59. Kf1 Kf8 60. Ke2 Nh2 61. Ra7 Kg8 62. Ra1 Kf7 63. Rh1 Nf3 64. Kd1 Ke6 65. Kc2 Nd4+ 66. Kc3 Nf3 67. Kc4 Kd6 68. Ra1 Ke6 69. Ra6+ Kf7 70. Kd5 Nh2 71. Ra7+ Kf6 72. Ra3 Ke7 73. Rb3 Kf7 74. Kd6 Kf6 75. Kd7 Kf7 76. Ra3 Nf1 77. Rb3 Nh2 78. Kd8 Kf8 79. Kd7 1/2-1/2